Top guns & toxic whales : (Record no. 59026)
[ view plain ]
| 000 -LEADER | |
|---|---|
| fixed length control field | 01069nam a2200337 a 4500 |
| 001 - CONTROL NUMBER | |
| control field | 59026 |
| 003 - CONTROL NUMBER IDENTIFIER | |
| rucl marc code | BD-RjUL |
| 005 - DATE AND TIME OF LATEST TRANSACTION | |
| control field | 20211209080703.0 |
| 008 - FIXED-LENGTH DATA ELEMENTS--GENERAL INFORMATION | |
| fixed length control field | 161220s1991 enka b 001 0 eng d |
| 020 ## - INTERNATIONAL STANDARD BOOK NUMBER | |
| International Standard Book Number | 1853830941 |
| 035 ## - SYSTEM CONTROL NUMBER | |
| System control number | (OCoLC)23253973 |
| System control number | (OCoLC)ocm23253973 |
| System control number | (CStRLIN)NYCG91-B56894 |
| System control number | (BD-RjUL)59150 |
| System control number | (NNC)970296 |
| 040 ## - CATALOGING SOURCE | |
| Original cataloging agency | PPT |
| Transcribing agency | PPT |
| Modifying agency | NNC |
| Language of cataloging | eng |
| 041 ## - LANGUAGE CODE | |
| Language code of text/sound track or separate title | eng |
| 082 ## - DEWEY DECIMAL CLASSIFICATION NUMBER | |
| Edition number | 23 |
| Classification number | 363.7 |
| Author mark and year | PRT1991 |
| 090 ## - LOCALLY ASSIGNED LC-TYPE CALL NUMBER (OCLC); LOCAL CALL NUMBER (OCLC) | |
| Classification number (OCLC) (R) ; Classification number, CALL (RLIN) (NR) | TD170 |
| Local cutter number (OCLC) ; Book number/undivided call number, CALL (RLIN) | .P73 1991b |
| 100 1# - MAIN ENTRY--PERSONAL NAME | |
| Personal name | Prins, Gwyn. |
| 9 (RLIN) | 175553 |
| 245 10 - TITLE STATEMENT | |
| Title | Top guns & toxic whales : |
| Remainder of title | the environment & global security / |
| Statement of responsibility, etc. | Gwyn Prins & Robbie Stamp. |
| 260 ## - PUBLICATION, DISTRIBUTION, ETC. (IMPRINT) | |
| Place of publication, distribution, etc. | London : |
| Name of publisher, distributor, etc. | Earthscan, |
| Date of publication, distribution, etc. | 1991. |
| 300 ## - PHYSICAL DESCRIPTION | |
| Pagination | 165 p. : |
| Illustrations | ill. ; |
| Size | 26 cm. |
| 504 ## - BIBLIOGRAPHY, ETC. NOTE | |
| Bibliography, etc | Includes Bibliography: p. 165. and index. |
| 650 #0 - SUBJECT ADDED ENTRY--TOPICAL TERM | |
| Topical term or geographic name as entry element | Environmental protection. |
| 9 (RLIN) | 170273 |
| Topical term or geographic name as entry element | Pollution |
| General subdivision | Environmental aspects. |
| 9 (RLIN) | 175554 |
| Topical term or geographic name as entry element | Human ecology. |
| 9 (RLIN) | 170270 |
| 700 1# - ADDED ENTRY--PERSONAL NAME | |
| Personal name | Stamp, Robbie. |
| 942 ## - ADDED ENTRY ELEMENTS (KOHA) | |
| Source of classification or shelving scheme | Dewey Decimal Classification |
| Koha item type | Books |
| Lost status | Source of classification or shelving scheme | Damaged status | Not for loan | Collection code | Permanent Location | Current Location | Shelving location | Date acquired | Source of acquisition | Cost, normal purchase price | Total Checkouts | Full call number | Date last seen | Copy number | Koha item type |
|---|---|---|---|---|---|---|---|---|---|---|---|---|---|---|---|
| Dewey Decimal Classification | Not For Loan | Non-fiction | Central Library, University of Rajshahi | Central Library, University of Rajshahi | Reading Room | 14/03/1995 | Alies | 40.00 | 363.7 PRT1991 | 20/12/2016 | C-1 | Books |